Encyclopedia of information systems
Αποθηκεύτηκε σε:
| Άλλοι συγγραφείς: | |
|---|---|
| Μορφή: | Βιβλίο |
| Γλώσσα: | English |
| Δημοσίευση: |
Amsterdam :
Academic Press,
c2003
|
| Θέματα: | |
| Ετικέτες: |
Προσθήκη ετικέτας
Δεν υπάρχουν, Καταχωρήστε ετικέτα πρώτοι!
|
MARC
| LEADER | 00000nam a2200000 i 4500 | ||
|---|---|---|---|
| 001 | 1/85083 | ||
| 008 | 050909s2003 eng d | ||
| 020 | |a 0-12-227240-4 (set) | ||
| 020 | |a 0-12-227241-2 (v. 1) | ||
| 020 | |a 0-12-227242-0 (v. 2) | ||
| 020 | |a 0-12-227243-9 (v. 3) | ||
| 020 | |a 0-12-227244-7 (v. 4) | ||
| 035 | |l 10080187 | ||
| 040 | |a GR-MY-UA |b gre |e aacr | ||
| 041 | 0 | |a eng | |
| 082 | 0 | |a 004.03 |2 (22) | |
| 245 | 1 | 0 | |a Encyclopedia of information systems / |c editor-in-chief Hossein Bidgoli |
| 260 | |a Amsterdam : |b Academic Press, |c c2003 | ||
| 300 | |a 4 τ.; |b εικ.; |c 29 εκ. | ||
| 504 | |a Περιλαμβάνει βιβλιογραφία και ευρετήριο. | ||
| 505 | 0 | |a Τομ. 1: A-DΤομ. 2: E-JΤομ. 3: K-RΤομ. 4: S-Z, Index | |
| 650 | 0 | 0 | |a Electronic data processing |x Encyclopedias. |
| 650 | 0 | 0 | |a Information technology |x Encyclopedias. |
| 700 | 1 | |a Bidgoli, Hossein. |4 edt | |
| 852 | |a INST |b SYROS |e 20050909 |h 004.03 ENC |p 005500005307 |q 005500005307 |t REF |y 23 |z v.4 | ||
| 852 | |a INST |b SYROS |e 20050909 |h 004.03 ENC |p 005500005308 |q 005500005308 |t REF |y 23 |z v.3 | ||
| 852 | |a INST |b SYROS |e 20050909 |h 004.03 ENC |p 005500005309 |q 005500005309 |t REF |y 23 |z v.2 | ||
| 852 | |a INST |b SYROS |e 20050909 |h 004.03 ENC |p 005500005310 |q 005500005310 |t REF |y 23 |z v.1 | ||
| 852 | |a INST |b SYROS |e 20050909 |h 004.03 ENC |p 005500005307 |q 005500005307 |t REF |v v.4: |y 23 |z v.4 | ||
| 852 | |a INST |b SYROS |e 20050909 |h 004.03 ENC |p 005500005308 |q 005500005308 |t REF |v v.3: |y 23 |z v.3 | ||
| 852 | |a INST |b SYROS |e 20050909 |h 004.03 ENC |p 005500005309 |q 005500005309 |t REF |v v.2: |y 23 |z v.2 | ||
| 852 | |a INST |b SYROS |e 20050909 |h 004.03 ENC |p 005500005310 |q 005500005310 |t REF |v v.1: |y 23 |z v.1 | ||
| 853 | |a INST |b SYROS |h 004.03 ENC | ||
| 901 | |a BIBL5-2005-3 | ||
| 909 | |a Ε |b 117105 | ||
| 909 | |a Ε |b 117106 | ||
| 909 | |a Ε |b 117107 | ||
| 909 | |a Ε |b 117108 | ||
| 920 | |a ΔΙΕΥΡΥΝΣΗ |b ΕΠΕΑΕΚ-ΤΜΣΠΣ |y ΣΥΡΟΣ |z 2004-10 | ||
| 970 | |a ΚΟΝΤΟΥ |b ΠΑΡΑΣΚΕΥΗ |z 2005/09/09 | ||